| 000 | 01804pam a2200397 a 4500 | ||
|---|---|---|---|
| 090 | _c10099 | ||
| 001 | 2976279 | ||
| 005 | 20030819191416.0 | ||
| 008 | 920316s1992 enk b 001 0 eng | ||
| 010 | _a 92008617 | ||
| 020 | _a0521417805 | ||
| 020 | _a0521428300 (pbk.) | ||
| 040 |
_aDLC _cDLC _dDLC |
||
| 050 | 0 | 0 |
_aJF11 _b.S77 1992 |
| 082 | 0 | 0 |
_a320.3 _220 _bSTR |
| 245 | 0 | 0 |
_aStructuring politics : _bhistorical institutionalism in comparative analysis / _cedited by Sven Steinmo, Kathleen Thelen, and Frank Longstreth. |
| 260 |
_aCambridge [England] ; _aNew York : _bCambridge University Press, _cc1992. |
||
| 300 |
_axiii, 257 p. ; _c24 cm. |
||
| 440 | 0 | _aCambridge studies in comparative politics | |
| 504 | _aIncludes bibliographical references and index. | ||
| 650 | 0 | _aComparative government. | |
| 650 | 0 | _aInstitutional economics. | |
| 650 | 0 | _aSocial institutions. | |
| 700 | 1 | _aSteinmo, Sven. | |
| 700 | 1 | _aThelen, Kathleen Ann. | |
| 700 | 1 | _aLongstreth, Frank. | |
| 740 | 0 | _aHistorical institutionalism in comparative analysis. | |
| 856 | 4 | 1 |
_3Sample text _uhttp://www.loc.gov/catdir/samples/cam034/92008617.html |
| 856 | 4 | 2 |
_3Publisher description _uhttp://www.loc.gov/catdir/description/cam025/92008617.html |
| 856 | 4 | 1 |
_3Table of contents _uhttp://www.loc.gov/catdir/toc/cam026/92008617.html |
| 906 |
_a7 _bcbc _corignew _d1 _eocip _f19 _gy-gencatlg |
||
| 942 |
_2ddc _cARCH |
||
| 999 |
_c10099 _d10099 |
||